مكتبة جامعة عجلون الوطنية

فهرس بحث المكتبة

Normal view MARC view
  • الوقف -- المغرب -- قرن 20 -- التعليم -- المغرب -- قرن 20 -- الثقافة -- المغرب -- قرن 20

Entry Topical Term

Number of records used in: 1

001 - CONTROL NUMBER

  • control field: 50890

003 - CONTROL NUMBER IDENTIFIER

  • control field: JO-AjAnu

005 - DATE AND TIME OF LATEST TRANSACTION

  • control field: 20230606082357.0

008 - FIXED-LENGTH DATA ELEMENTS

  • fixed length control field: 230606|| aca||aabn | a|a d

040 ## - CATALOGING SOURCE

  • Original cataloging agency: JO-AjAnu
  • Transcribing agency: JO-AjAnu

150 ## - HEADING--TOPICAL TERM

  • Topical term or geographic name entry element: الوقف -- المغرب -- قرن 20 -- التعليم -- المغرب -- قرن 20 -- الثقافة -- المغرب -- قرن 20

670 ## - SOURCE DATA FOUND

  • Source citation: Work cat.: (JO-AjAnu)26013: العيوني، عبد الكريم , author 50889, إسهام الوقف في تمويل المؤسسات التعليمية والثقافية بالمغرب خلال القرن العشرين